书目信息 |
| 题名: |
当代翻译理论
|
|
| 作者: | 刘宓庆 著 | |
| 分册: | ||
| 出版信息: | 北京 中国对外翻译出版公司 2005 |
|
| 页数: | 11,277页 | |
| 开本: | 21cm | |
| 丛书名: | 中国文库 | |
| 单 册: | ||
| 中图分类: | H059 | |
| 科图分类: | ||
| 主题词: | 翻译理论 | |
| 电子资源: | ||
| ISBN: | 7-5001-1278-5 | |
| 000 | 00778oam2 2200241 450 | |
| 001 | 002900488 | |
| 005 | 20061112092840.10 | |
| 010 | @a7-5001-1278-5@dCNY14.00 | |
| 100 | @a20050615d2005 em y0chiy0110 ea | |
| 101 | 0 | @achi |
| 102 | @aCN@b110000 | |
| 105 | @aa z 000yy | |
| 200 | 1 | @a当代翻译理论@9dang dai fan yi li lun@f刘宓庆著 |
| 210 | @a北京@c中国对外翻译出版公司@d2005 | |
| 215 | @a11,277页@c照片@d21cm | |
| 225 | 2 | @a中国文库@i哲学社会科学类 |
| 330 | @a本书对翻译学的性质及学科架构、翻译的方法论、可译性及可译性限度问题、翻译的技能意识、翻译美学等问题进行了阐释。 | |
| 462 | 0 | @12001 @a中国文库@i哲学社会科学类 |
| 606 | 0 | @a翻译理论 |
| 690 | @aH059@v4 | |
| 701 | 0 | @a刘宓庆@9liu mi qing@f(1939~)@4著 |
| 801 | 0 | @aCN@bNLC@c20061112 |
| 905 | @a10447@dH059@e113 | |
| 当代翻译理论/刘宓庆著.-北京:中国对外翻译出版公司,2005 |
| 11,277页:照片;21cm.-(中国文库.哲学社会科学类) |
| ISBN 7-5001-1278-5:CNY14.00 |
| 本书对翻译学的性质及学科架构、翻译的方法论、可译性及可译性限度问题、翻译的技能意识、翻译美学等问题进行了阐释。 |
| ● |
| 相关链接 |
|
|
|
|
正题名:当代翻译理论
索取号:H059/113
 
预约/预借
| 序号 | 登录号 | 条形码 | 馆藏地/架位号 | 状态 | 备注 |
| 1 | 0383446 | 203834468 | 第二样本阅览室/ [索取号:H059/113] | 在馆 | |
| 2 | 0383447 | 203834477 | 第四借阅区/ [索取号:H059/113] | 在馆 | |
| 3 | 0383448 | 203834486 | 第四借阅区/ [索取号:H059/113] | 在馆 |